Schaum's outline of theory and problems of numerical analysis /

Guardado en:
Autor Principal: Scheid, Francis J.
Formato: Libro
Idioma:English
Publicado: New York : McGraw-Hill, 1989.
Edición:2nd ed.
Series:Schaum's outline series
Materias:
Acceso en línea:Descripción
Tabla de contenido
Etiquetas: Agregar Etiqueta
Sin Etiquetas, Sea el primero en etiquetar este registro!
LEADER 01094pam a22002895a 4500
001 EIQ.libpla003734
008 871217s1989####nyua##########000#0#eng#d
005 20150619145253.0
245 1 0 |a Schaum's outline of theory and problems of numerical analysis /  |c by Francis Scheid. 
250 |a 2nd ed. 
260 |a New York :  |b McGraw-Hill,  |c 1989. 
300 |a 471 p. :  |b il. ;  |c 28 cm. 
490 1 |a Schaum's outline series 
500 |a Incluye 846 problemas resueltos. 
020 |a 0070552215 (pbk.) 
100 1 |a Scheid, Francis J. 
830 0 |a Schaum's outline series 
246 3 0 |a Theory and problems of numerical analysis. 
246 3 0 |a Numerical analysis. 
082 0 0 |a 519.4  |2 19 
650 4 |a Análisis numérico  |x Problemas, ejercicios, etc. 
650 0 |a Numerical analysis  |x Problems, exercises, etc. 
010 |a  87035348  
040 |a DLC  |c DLC  |d AR-BbSID 
856 4 2 |3 Descripción  |u http://www.loc.gov/catdir/description/mh022/87035348.html 
856 4 1 |3 Tabla de contenido  |u http://www.loc.gov/catdir/toc/mh021/87035348.html 
859 |a AR-BbSID  |b BIB. PLAPIQUI  |h 519.4  |i Sch 25  |p 4725